000 00302 a2200133 4500
001 155672
040 _cEscola São Tomás de Aquino
240 1 0 _aCarlos Drummond de Andrade
_lpor
245 1 0 _aCarlos Drummond de Andrade
300 _a105
362 0 _a1980
697 _aGENERALIDADES
942 _cBK
999 _c155672
_d155672